Integrated aircraft navigation / (Record no. 593899)
[ view plain ]
| 000 -LEADER | |
|---|---|
| fixed length control field | 00780cam a2200241 i 4500 |
| 001 - CONTROL NUMBER | |
| control field | 800711 |
| 005 - DATE AND TIME OF LATEST TRANSACTION | |
| control field | 20230321095357.0 |
| 008 - FIXED-LENGTH DATA ELEMENTS--GENERAL INFORMATION | |
| fixed length control field | 760211s1976 nyua b 001 0 eng |
| 010 ## - LIBRARY OF CONGRESS CONTROL NUMBER | |
| LC control number | 75032025 |
| 020 ## - INTERNATIONAL STANDARD BOOK NUMBER | |
| International Standard Book Number | 0122497503 |
| 040 ## - CATALOGING SOURCE | |
| Original cataloging agency | DLC |
| Transcribing agency | DLC |
| Modifying agency | DLC |
| 050 00 - LIBRARY OF CONGRESS CALL NUMBER | |
| Classification number | TL588.5 |
| Item number | .F34 |
| 082 00 - DEWEY DECIMAL CLASSIFICATION NUMBER | |
| Classification number | 629.1325 |
| Author Mark | FAR |
| 100 1# - MAIN ENTRY--PERSONAL NAME | |
| Personal name | Farrell, James L. |
| Fuller form of name | (James Lawrence), |
| Dates associated with a name | 1934- |
| 9 (RLIN) | 110744 |
| 245 10 - TITLE STATEMENT | |
| Title | Integrated aircraft navigation / |
| Statement of responsibility, etc. | James L. Farrell. |
| 260 ## - PUBLICATION, DISTRIBUTION, ETC. | |
| Place of publication, distribution, etc. | New York : |
| Name of publisher, distributor, etc. | Academic Press, |
| Date of publication, distribution, etc. | 1976. |
| 300 ## - PHYSICAL DESCRIPTION | |
| Extent | xv, 351 p. : |
| Other physical details | ill. ; |
| Dimensions | 24 cm. |
| 504 ## - BIBLIOGRAPHY, ETC. NOTE | |
| Bibliography, etc. note | Includes bibliographical references and index. |
| 650 #0 - SUBJECT ADDED ENTRY--TOPICAL TERM | |
| Topical term or geographic name entry element | Inertial navigation (Aeronautics) |
| 9 (RLIN) | 110557 |
| 650 #0 - SUBJECT ADDED ENTRY--TOPICAL TERM | |
| Topical term or geographic name entry element | Estimation theory. |
| 9 (RLIN) | 10694 |
| 906 ## - LOCAL DATA ELEMENT F, LDF (RLIN) | |
| a | 7 |
| b | cbc |
| c | orignew |
| d | 1 |
| e | ocip |
| f | 19 |
| g | y-gencatlg |
| 942 ## - ADDED ENTRY ELEMENTS (KOHA) | |
| Source of classification or shelving scheme | |
| Koha item type | Book |
| Withdrawn status | Lost status | Source of classification or shelving scheme | Damaged status | Not for loan | Permanent Location | Current Location | Shelving location | Date acquired | Full call number | Barcode | Date last seen | Price effective from | Koha item type |
|---|---|---|---|---|---|---|---|---|---|---|---|---|---|
| School of Mechanical & Manufacturing Engineering (SMME) | School of Mechanical & Manufacturing Engineering (SMME) | Aerospace Engineering | 03/21/2023 | 629.1325 FAR | SMME-4281 | 03/21/2023 | 03/21/2023 | Book |
